000 00349pab a2200157 454500
008 180718b2011 xxu||||| |||| 00| 0 eng d
100 _aSawant, P.B.
245 _aRole of media in crises situations
260 _c2011
300 _ap.22-25.
362 _a5 Nov
650 _aMass media
773 _aMainstream
908 _aN
909 _a93644
999 _c93644
_d93644